000 00422nam a2200169Ia 4500
003 GCL
008 140319s9999 xx 000 0 eng d
040 _aGCL /
_cGCL
082 0 4 _a709.6
_bP A
100 1 _aPHILLIPS, TOM
245 1 0 _aAFRICA: THE ART OF A CONTINENT /
_cPHILLIPS, TOM
260 _a[S.N] :
_bPRESTEL- VERLAG ،
_c1996
300 _a613 P
650 0 4 _aARTS
650 0 4 _aAFRICA - ART
942 _2ddc
_cBK
999 _c25696
_d25696